|
|
|
|
| LEADER |
00000nab a2200000 a 4500 |
| 003 |
Ucuenca |
| 005 |
20230308205426.0 |
| 008 |
000000| ||||||||r|||||||||||spa|| |
| 040 |
|
|
|b spa
|
| 041 |
0 |
|
|a spa
|
| 082 |
0 |
|
|a 300.5
|b I59r
|c 45797a
|
| 100 |
|
|
|a Dután Narváez, Jorge
|e coautor
|9 258965
|
| 245 |
|
|
|a Acumulación y concentración del capital financiero en los primeros años de la década del ochenta
|c Jorge Dután
|h imp
|
| 264 |
|
|
|a Cuenca
|b Universidad de Cuenca
|c Agosto de 1989
|
| 300 |
|
|
|a páginas: 105-130
|b tab
|c 20.5 cm
|
| 362 |
|
|
|a no. 22 (agosto 1989)
|
| 504 |
|
|
|a incl. ref.
|
| 650 |
|
|
|a Capitalismo ecuatoriano
|9 840
|
| 650 |
|
|
|a Capital financiero
|9 39873
|
| 650 |
|
|
|a Acumulacion de capital
|9 29996
|
| 852 |
|
|
|a UC-CDJBV
|f Donación
|l 1
|p 00000000
|r 2
|d CDRC
|e CDRC
|g 300.5 I59r ESTANTERIA CERRADA
|z 0000-00-00
|
| 942 |
|
|
|c SERA
|
| 773 |
0 |
|
|0 147835
|9 121815
|a Instituto de Investigaciones Sociales
|d Cuenca Universidad de Cuenca Agosto 1989
|o 45697
|t Revista IDIS
|w (Ucuenca)45697
|
| 999 |
|
|
|c 111282
|d 111282
|